书目信息 |
| 题名: |
剑与犁
|
|
| 作者: | 泰勒 , Taylor 著 ;伍文雄 译 | |
| 分册: | ||
| 出版信息: | 北京 商务印书馆 1981 |
|
| 页数: | 561页 | |
| 开本: | 19cm | |
| 丛书名: | ||
| 单 册: | ||
| 中图分类: | K837.125.2 , K837.12 | |
| 科图分类: | ||
| 主题词: | ||
| 电子资源: | ||
| ISBN: | ||
| 000 | 00841nam0 2200277 450 | |
| 001 | 1561466953 | |
| 005 | 20150119170454.18 | |
| 010 | @dCNY1.85 | |
| 091 | @a3017.307 | |
| 100 | @a19950703d1981 em y0chiy0110 ea | |
| 101 | 1 | @achi@ceng |
| 102 | @aCN@b110000 | |
| 105 | @ay z 000yy | |
| 200 | 1 | @a剑与犁@9jian yu li@e泰勒回忆录@f(美)泰勒(Taylor,M.D.)著@g伍文雄译 |
| 210 | @a北京@c商务印书馆@d1981 | |
| 215 | @a561页@d19cm | |
| 517 | 1 | @a泰勒回忆录@9tai le hui yi lu |
| 600 | 1 | @a泰勒@c(Taylor, Maxwell Davenport@f1901~1987)@x回忆录 |
| 600 | 1 | @2CT@3S907261@a泰勒@c(Taylor, Maxwell Davenport@f1901~1987) |
| 690 | @aK837.125.2@v5 | |
| 690 | @aK837.12@v4 | |
| 701 | 1 | @a泰勒@9tai le@4著@f美 |
| 701 | 1 | @aTaylor@bM.D.@4著 |
| 702 | 0 | @a伍文雄@9wu wen xiong@4译 |
| 801 | 0 | @aCN@bTSSF@c20150115 |
| 905 | @aZUCC@dK837.12@eJY11 | |
| 剑与犁:泰勒回忆录/(美)泰勒(Taylor,M.D.)著/伍文雄译.-北京:商务印书馆,1981 |
| 561页;19cm |
| ISBN :CNY1.85 |
| ● |
| 相关链接 |
|
|
|
|
正题名:剑与犁
索取号:K837.12/JY11
 
预约/预借
| 序号 | 登录号 | 条形码 | 馆藏地/架位号 | 状态 | 备注 |
| 1 | 7836159 | 278361595 | 学院路分馆/ [索取号:K837.12/JY11] | 在馆 |